00601nam a2200133Ia 4500008004100000100002300041245012500064260008400189300001800273650001400291856007000305999001900375952007300394160712s9999 xx 000 0 und d aManzano, Joanne V. cJoanne V. ManzanoaPanimulang Pag-aaral sa Hulagway ng Pilipinong Seaman sa mga Maikling Kuwento at Tula (1990 – 2010) c2015bLagda: Journal ng U.P. Departamento ng Filipino at Panitikan ng Pilipinas avol. 10 no. 1 xPANITIKAN uhttp://journals.upd.edu.ph/index.php/lagda/issue/view/545/showToc c297097d297097 001040aCLbCLd2016-07-12l0r2016-07-12 00:00:00w2016-07-12yFEJ